|
|
|
|
| LEADER |
00000cam a22000004a 4500 |
| 001 |
musev2_28142 |
| 003 |
MdBmJHUP |
| 005 |
20230905042959.0 |
| 006 |
m o d |
| 007 |
cr||||||||nn|n |
| 008 |
131214t20142014nhu o 00 0 eng d |
| 020 |
|
|
|a 9781611684926
|
| 020 |
|
|
|z 1611684927
|
| 020 |
|
|
|z 9781611684902
|
| 035 |
|
|
|a (OCoLC)865329986
|
| 040 |
|
|
|a MdBmJHUP
|c MdBmJHUP
|
| 100 |
1 |
|
|a Hoogland, Renee C.,
|d 1960-
|e author.
|
| 245 |
1 |
2 |
|a Violent Embrace :
|b Art and Aesthetics after Representation /
|c Renee C. Hoogland.
|
| 264 |
|
1 |
|a Hanover, New Hampshire :
|b Dartmouth College Press,
|c [2014]
|
| 264 |
|
3 |
|a Baltimore, Md. :
|b Project MUSE,
|c 2014
|
| 264 |
|
4 |
|c ©[2014]
|
| 300 |
|
|
|a 1 online resource (248 pages):
|b illustrations (some color)
|
| 336 |
|
|
|a text
|b txt
|2 rdacontent
|
| 337 |
|
|
|a computer
|b c
|2 rdamedia
|
| 338 |
|
|
|a online resource
|b cr
|2 rdacarrier
|
| 490 |
0 |
|
|a Interfaces: studies in visual culture
|
| 505 |
0 |
|
|a Artistic activity -- Violent becomings -- Neo-aesthetics and the study of the arts of the present -- The groundless realities of art photography -- The ruse of the ruins, or: Detroit's nonreal estate -- Visualizing the face.
|
| 506 |
0 |
|
|a Open Access
|f Unrestricted online access
|2 star
|
| 520 |
|
|
|a An urgent defense of aesthetics and the power of art.
|
| 546 |
|
|
|a English.
|
| 588 |
|
|
|a Description based on print version record.
|
| 650 |
|
7 |
|a Art
|x Psychology.
|2 fast
|0 (OCoLC)fst00815321
|
| 650 |
|
7 |
|a Aesthetics.
|2 fast
|0 (OCoLC)fst00798702
|
| 650 |
|
7 |
|a ART
|x General.
|2 bisacsh
|
| 650 |
|
6 |
|a Art
|x Psychologie.
|
| 650 |
|
0 |
|a Aesthetics.
|
| 650 |
|
0 |
|a Art
|x Psychology.
|
| 655 |
|
7 |
|a Electronic books.
|2 local
|
| 710 |
2 |
|
|a Project Muse.
|e distributor
|
| 830 |
|
0 |
|a Book collections on Project MUSE.
|
| 856 |
4 |
0 |
|z Texto completo
|u https://projectmuse.uam.elogim.com/book/28142/
|
| 945 |
|
|
|a Project MUSE - 2014 Philosophy and Religion
|
| 945 |
|
|
|a Project MUSE - 2014 Complete
|